[Event "NZ Junior Championship 2017"]
[Site "Auckland NZL"]
[Date "2017.07.12"]
[Round "4"]
[White "Fan, Allen Chi Zhou"]
[Black "Gong, Daniel Hanwen"]
[Result "1/2-1/2"]
[WhiteElo "2057"]
[BlackElo "2287"]
[PlyCount "68"]
[EventDate "2017.07.11"]

1. Nf3 Nf6 2. g3 g6 3. Bg2 Bg7 4. c4 O-O 5. O-O d6 6. Nc3 Nc6 7. d3 Nh5 8. e3
f5 9. Rb1 a5 10. Ne2 e5 11. b3 g5 12. Ne1 f4 13. Nxf4 Nxf4 14. exf4 gxf4 15.
Nc2 Be6 16. gxf4 exf4 17. Bxc6 bxc6 18. Kh1 f3 19. Ne1 Kh8 20. Rg1 a4 21. Bb2
Bxb2 22. Rxb2 Qf6 23. Rb1 axb3 24. Qxb3 Ra5 25. Rg3 Re5 26. Kg1 Rg8 27. d4
Rxg3+ 28. hxg3 Rb5 29. Qd1 Bxc4 30. Rc1 Be2 31. Qd2 Rg5 32. Qe3 d5 33. Rxc6
Qxc6 34. Qxg5 Qc3 1/2-1/2

[Event "NZ Junior Championship 2017"]
[Site "Auckland NZL"]
[Date "2017.07.12"]
[Round "4"]
[White "Stannard, Bobby"]
[Black "Ang, Alphaeus Wei Ern"]
[Result "0-1"]
[WhiteElo "1481"]
[BlackElo "2005"]
[PlyCount "94"]
[EventDate "2017.07.11"]

1. e4 d5 2. e5 c5 3. Nf3 Bg4 4. Bb5+ Nc6 5. h3 Bxf3 6. Qxf3 e6 7. c3 Nge7 8. d4
a6 9. Bxc6+ Nxc6 10. Be3 Qb6 11. b3 cxd4 12. cxd4 Nxd4 13. Qd1 Qa5+ 14. Nd2 Nc6
15. O-O Nxe5 16. Bf4 Ng6 17. Qg4 h5 18. Qg3 h4 19. Qf3 Nxf4 20. Qxf4 Qb4 21.
Qe3 Bd6 22. Nf3 Qf4 23. Qxf4 Bxf4 24. Rad1 Bd6 25. Rd4 Be7 26. Rfd1 Bf6 27. Rg4
Rc8 28. Kh2 Rc2 29. a3 Rxf2 30. Rc1 Kd7 31. Ng5 Rf5 32. Nf3 g5 33. Nd4 Bxd4 34.
Rxd4 Rc8 35. Rcd1 b5 36. R1d2 a5 37. b4 a4 38. R4d3 Rf4 39. g3 hxg3+ 40. Kxg3
Rfc4 41. Rf2 f5 42. Rff3 Ke7 43. Kg2 Kf6 44. Kg3 Rc2 45. h4 gxh4+ 46. Kxh4 Rh2+
47. Kg3 Rch8 0-1

[Event "NZ Junior Championship 2017"]
[Site "Auckland NZL"]
[Date "2017.07.12"]
[Round "4"]
[White "Qin, Nicole Shu Yu"]
[Black "Picken, Oliver"]
[Result "1-0"]
[WhiteElo "1475"]
[BlackElo "1878"]
[PlyCount "59"]
[EventDate "2017.07.11"]

1. d4 Nf6 2. c4 e5 3. Nc3 exd4 4. Qxd4 Nc6 5. Qd1 Bc5 6. Nf3 a5 7. e3 d6 8. Nd4
O-O 9. Be2 Ne5 10. O-O Re8 11. b3 Ng6 12. Bb2 Qe7 13. Bd3 Ng4 14. Bc1 Qh4 15.
h3 N4e5 16. Nf5 Qf6 17. Nd5 Qd8 18. Bb2 c6 19. Nc3 Qg5 20. Ng3 Nxd3 21. Qxd3 f5
22. Rae1 Ne5 23. Qd1 f4 24. Nce4 Qg6 25. exf4 Nd7 26. f5 Qf7 27. Ng5 Rxe1 28.
Rxe1 Qf8 29. Qh5 Nf6 30. Bxf6 1-0

[Event "NZ Junior Championship 2017"]
[Site "Auckland NZL"]
[Date "2017.07.12"]
[Round "4"]
[White "McDougall, Euan"]
[Black "Meng, Richard"]
[Result "0-1"]
[WhiteElo "1333"]
[BlackElo "1646"]
[PlyCount "60"]
[EventDate "2017.07.11"]

1. e4 c5 2. Nf3 e6 3. d4 cxd4 4. Nxd4 Nc6 5. Bf4 Nf6 6. Nxc6 bxc6 7. Nd2 Bc5 8.
Nb3 Be7 9. Bd3 O-O 10. O-O d5 11. Qf3 Bb7 12. Bd2 c5 13. e5 Nd7 14. Qh3 g6 15.
Na5 Rb8 16. Nxb7 Rxb7 17. f4 c4 18. Be2 Rxb2 19. Qc3 Qb6+ 20. Kh1 Nc5 21. Bc1
Na4 22. Qf3 Rxc2 23. Be3 d4 24. Bd1 Rc3 25. Bxa4 Rxe3 26. Qd1 d3 27. Rc1 Qd4
28. Rf3 d2 29. Rxe3 Qxe3 30. Rxc4 Qe1+ 0-1

[Event "NZ Junior Championship 2017"]
[Site "Auckland NZL"]
[Date "2017.07.12"]
[Round "4"]
[White "Wang, Aaron Ziwen"]
[Black "Ning, Isabelle Yixuan"]
[Result "1-0"]
[WhiteElo "1602"]
[BlackElo "1237"]
[PlyCount "73"]
[EventDate "2017.07.11"]

1. c4 e6 2. Nc3 d5 3. cxd5 exd5 4. d4 Nf6 5. Nf3 Be7 6. Bf4 a6 7. g3 O-O 8. Bg2
Nbd7 9. Ne5 c6 10. Rc1 Bd6 11. Nxc6 bxc6 12. Bxd6 Re8 13. Na4 Qa5+ 14. b4 Qb5
15. Nc3 Qb7 16. O-O Re6 17. Bc5 Nxc5 18. bxc5 Bd7 19. Rb1 Qc7 20. Qd3 a5 21. a4
Rae8 22. Rb2 Ne4 23. Bf3 Nxc3 24. Qxc3 Rh6 25. Rb6 Ra8 26. Rfb1 g6 27. Qe3 Kg7
28. Rb7 Qc8 29. Qe5+ f6 30. Qe7+ Kg8 31. Rxd7 Qf8 32. Qe6+ Kh8 33. Rf7 Qd8 34.
Rbb7 Rc8 35. Rbd7 Qe8 36. Qxf6+ Kg8 37. Qg7# 1-0

[Event "NZ Junior Championship 2017"]
[Site "Auckland NZL"]
[Date "2017.07.12"]
[Round "4"]
[White "Han, Allan"]
[Black "Liu, Xinyang"]
[Result "0-1"]
[WhiteElo "1201"]
[BlackElo "1511"]
[PlyCount "134"]
[EventDate "2017.07.11"]

1. d4 Nf6 2. c4 g6 3. Nc3 Bg7 4. Nf3 O-O 5. e4 d6 6. Be2 e5 7. d5 Nbd7 8. h3
Nc5 9. Bd3 Ne8 10. g4 h6 11. Be3 Nd7 12. Qd2 Kh7 13. h4 f6 14. g5 h5 15. Nh2
Nc5 16. O-O-O Nxd3+ 17. Qxd3 f5 18. f4 Qe7 19. Rdf1 exf4 20. Rxf4 Be5 21. Rff1
Bxc3 22. bxc3 fxe4 23. Qd2 Ng7 24. Bd4 Ne8 25. Qe3 b6 26. Rxf8 Qxf8 27. Qxe4
Bf5 28. Qe2 Ng7 29. Re1 Re8 30. Qd2 Rxe1+ 31. Qxe1 Bd3 32. Bf6 Ne8 33. Bd4 Qf4+
34. Kd1 Qf7 35. a3 Bxc4 36. Kc1 Bxd5 37. Nf1 Ng7 38. Ne3 Be6 39. Nf1 Nf5 40.
Bf6 Bd7 41. Ng3 Nxg3 42. Qxg3 Qb3 43. Qe3 Qxa3+ 44. Kd2 Qa2+ 45. Ke1 Qe6 46.
Kd2 Qxe3+ 47. Kxe3 Kg8 48. Kd4 Kf7 49. Kd5 Ke8 50. c4 a5 51. Bh8 Kd8 52. Bf6+
Kc8 53. Ke4 Kb7 54. Kd5 a4 55. Bc3 a3 56. Bb4 a2 57. Bc3 Ka6 58. Kd4 b5 59. Bb2
Be6 60. c5 Ka5 61. cxd6 cxd6 62. Kc3 Ka4 63. Kc2 b4 64. Bc1 a1=Q 65. Bb2 Bf5+
66. Kd2 Qxb2+ 67. Ke1 Bd3 0-1

[Event "NZ Junior Championship 2017"]
[Site "Auckland NZL"]
[Date "2017.07.12"]
[Round "4"]
[White "Xiao, Kelvin"]
[Black "Gao, Hugh"]
[Result "1/2-1/2"]
[WhiteElo "975"]
[BlackElo "1414"]
[PlyCount "40"]
[EventDate "2017.07.11"]

1. d4 d5 2. Nf3 Nc6 3. Bf4 Nf6 4. e3 Bg4 5. Be2 e6 6. c3 Bd6 7. Ne5 Bxe2 8.
Qxe2 Bxe5 9. dxe5 Nd7 10. Qb5 Rb8 11. Nd2 Ncxe5 12. Bxe5 c6 13. Qa4 Nxe5 14.
Qxa7 Nd3+ 15. Ke2 Ne5 16. Qd4 Qf6 17. Qa7 O-O 18. Nf3 Ng6 19. Rhd1 Qe7 20. Kf1
Ra8 1/2-1/2

[Event "NZ Junior Championship 2017"]
[Site "Auckland NZL"]
[Date "2017.07.12"]
[Round "4"]
[White "Hu, Erica Yue"]
[Black "Li, Allen"]
[Result "1/2-1/2"]
[WhiteElo "930"]
[BlackElo "1311"]
[PlyCount "43"]
[EventDate "2017.07.11"]

1. c4 e5 2. Nc3 Nf6 3. g3 Bb4 4. Bg2 Bxc3 5. bxc3 Nc6 6. e4 d6 7. Ne2 O-O 8.
O-O Bg4 9. h3 Bh5 10. d3 h6 11. Qc2 Ne7 12. f4 c6 13. Kh2 Qb6 14. d4 Bxe2 15.
Qxe2 exd4 16. Ba3 Nc8 17. cxd4 Qxd4 18. Rad1 Qb6 19. Bxd6 Nxd6 20. Rxd6 Rfd8
21. Rfd1 Rxd6 22. Rxd6 1/2-1/2